[Event "22nd SEA Games Standard w"]
[Site "Ho Chi Minh City VIE"]
[Date "2003.12.10"]
[Round "4"]
[White "Mariano,Cr"]
[Black "Liu Yang"]
[Result "1-0"]
[WhiteElo "2091"]
[BlackElo "2028"]

1.e4 c5 2.Ne2 Nc6 3.Nbc3 g6 4.d3 Bg7 5.g3 e6 6.Bg2 Nge7 7.O-O O-O 8.Be3 Nd4
9.Qd2 d6 10.Nd1 b6 11.c3 Nxe2+ 12.Qxe2 Bb7 13.f4 f5 14.Bf2 Qd7 15.Ne3 b5
16.Rad1 d5 17.Nc2 Rac8 18.e5 a5 19.h3 b4 20.Rc1 Qa4 21.a3 bxc3 22.bxc3 Ba6
23.Qd2 c4 24.Nd4 Kf7 25.Rfe1 cxd3 26.Bf1 Qxa3 27.Bxd3 Bxd3 28.Qxd3 Qa4 29.Nb5 Ra8
30.Ra1 Qb3 31.Reb1 Qc4 32.Nd6+  1-0

[Event "CGT Magistral"]
[Site "Buenos Aires ARG"]
[Date "2003.12.11"]
[Round "1"]
[White "Rodriguez,And URU"]
[Black "Dolezal,C"]
[Result "1-0"]
[WhiteElo "2498"]
[BlackElo "2410"]

1.e4 c5 2.Nc3 Nc6 3.Nge2 e6 4.g3 d6 5.d4 cxd4 6.Nxd4 Nge7 7.Nb3 Bd7 8.Bg2 Nc8
9.O-O Be7 10.a4 O-O 11.Qe2 Qc7 12.Nb5 Qb8 13.Be3 a6 14.Na3 Bd8 15.Rfd1 Bc7
16.f4 N6e7 17.a5 Bc6 18.c4 Ba4 19.Rd3 Nc6 20.Nd4 Nxa5 21.f5 e5 22.f6 exd4
23.Qg4 g6 24.Qh4 Kh8 25.Bh6 Rg8 26.g4 Nb6 27.Bg5  1-0

[Event "ch-IND National A"]
[Site "Calicut IND"]
[Date "2003.12.15"]
[Round "16"]
[White "Sareen,V"]
[Black "Venkatesh,M"]
[Result "1-0"]
[WhiteElo "2367"]
[BlackElo "2401"]

1.e4 c5 2.Nc3 Nc6 3.Bb5 Nd4 4.Bc4 e6 5.Nf3 Ne7 6.O-O Nec6 7.Nxd4 cxd4 8.Ne2 g6
9.c3 Bg7 10.Bb5 O-O 11.Bxc6 bxc6 12.Nxd4 c5 13.Nc2 Ba6 14.Re1 d5 15.d3 dxe4
16.dxe4 Qb6 17.Ne3 Rfd8 18.Qg4 Rd3 19.Qh4 Qd8 20.Qf4 h5 21.e5 Qd7 22.h4 Rf8
23.Nc4 Qd5 24.Nd6 Rd1 25.Rxd1 Qxd1+ 26.Kh2 Bd3 27.Qe3 c4 28.b3 Qg4 29.g3 Bf1
30.Kg1 Qh3 31.Qf3 Bxe5 32.Bh6 Bxd6 33.Bxf8 Bxf8 34.Rxf1 Bc5 35.b4 Be7 36.Rd1 e5
37.Qa8+ Kg7 38.Qxa7 Bxh4 39.Qd7  1-0

[Event "CGT Magistral"]
[Site "Buenos Aires ARG"]
[Date "2003.12.16"]
[Round "6"]
[White "Crosa,M"]
[Black "Zambrana,O"]
[Result "1-0"]
[WhiteElo "2403"]
[BlackElo "2404"]

1.e4 c5 2.Nf3 Nc6 3.Nc3 Nf6 4.d4 cxd4 5.Nxd4 e5 6.Ndb5 d6 7.Bg5 a6 8.Na3 b5
9.Nd5 Be7 10.Bxf6 Bxf6 11.c3 Ne7 12.Nxf6+ gxf6 13.Bd3 Bb7 14.Qh5 d5 15.exd5 Qxd5
16.O-O-O Qxa2 17.f4 O-O-O 18.Nc2 Ng6 19.fxe5 Nxe5 20.Qf5+ Qe6 21.Nd4 Qxf5
22.Bxf5+ Kc7 23.Rd2 Rhg8 24.Rg1 Rg5 25.h4 Rh5 26.Rh1 Rg8 27.Rh2 Rg3 28.Ne2 Rxg2
29.Rxg2 Bxg2 30.Ng3 Rxf5 31.Nxf5 Be4 32.Ng3 Bc6 33.h5 Bf3 34.Kc2 f5 35.Rd4 Bg4
36.b3 Nc6 37.Rf4 Kd7 38.Rf1 Ke6 39.Kd3 h6 40.Ne2 Kf6 41.Nf4 Ke5 42.Ke3 a5
43.Rf2 Bd1 44.Rb2 b4 45.c4 a4 46.bxa4 Bxa4 47.Nd3+ Kd6 48.Nxb4 Ne5 49.Kd4 Nf3+
50.Kc3 Ng5 51.Ra2 Be8 52.Ra6+ Ke5 53.Nd3+ Ke4 54.Ra8 Bc6 55.Rc8 Bb7 56.Nc5+ Ke3
57.Nxb7 f4 58.Nc5 f5 59.Re8+ Ne4+ 60.Nxe4 fxe4 61.c5  1-0

[Event "ch-IND National A"]
[Site "Calicut IND"]
[Date "2003.12.16"]
[Round "19"]
[White "Satyapragyan,S"]
[Black "Sareen,V"]
[Result "1/2-1/2"]
[WhiteElo "2415"]
[BlackElo "2367"]

1.e4 c5 2.Nf3 Nc6 3.Nc3 g6 4.d4 cxd4 5.Nxd4 Bg7 6.Nb3 Nf6 7.Be2 O-O 8.O-O d6
9.Bg5 Be6 10.Re1 Re8 11.Bf1 h6 12.Bh4 Rc8 13.f4 Nd7 14.Qd2 Na5 15.Rad1 Bc4
16.Nxa5 Qxa5 17.Bxc4 Rxc4 18.Qe2 Rd4 19.Kh1 Rxd1  1/2-1/2

[Event "1st GM"]
[Site "Kish IRI"]
[Date "2003.12.16"]
[Round "5"]
[White "Mahjoob,M"]
[Black "Mallahi,A"]
[Result "1-0"]
[WhiteElo "2408"]
[BlackElo "2382"]

1.e4 c5 2.Nc3 Nc6 3.Bb5 Nd4 4.Bc4 e6 5.Nge2 Nf6 6.O-O a6 7.d3 d5 8.exd5 b5
9.Bb3 Nxb3 10.axb3 b4 11.Ne4 Qxd5 12.Nf4 Qc6 13.Nxf6+ gxf6 14.Qh5 Bd6 15.c3 Bb7
16.f3 Ke7 17.Be3 Rad8 18.Qh4 bxc3 19.bxc3 Bxf4 20.Qxf4 Rxd3 21.b4 e5 22.Qh6 Ra8
23.Bxc5+ Ke6 24.Rad1 Qd5 25.Qh3+ f5 26.Qh6+ Kd7 27.Rxd3 Qxd3 28.Qxh7 Rd8
29.Qxf7+ Kc8 30.Bb6 Qd7 31.Qc4+ Kb8 32.Bxd8  1-0

[Event "ch-IND National A"]
[Site "Calicut IND"]
[Date "2003.12.18"]
[Round "21"]
[White "Bakre,T"]
[Black "Ramesh,R"]
[Result "1-0"]
[WhiteElo "2443"]
[BlackElo "2466"]

1.e4 c5 2.Nc3 Nc6 3.Bb5 Nd4 4.Bc4 e6 5.Nf3 Nf6 6.O-O a6 7.a4 d5 8.exd5 exd5
9.Re1+ Be6 10.Ba2 Nxf3+ 11.Qxf3 Be7 12.d3 h6 13.Bf4 Qd7 14.Be5 O-O-O 15.d4 Ng4
16.Nxd5 Bxd5 17.Bxd5 Nxe5 18.Rxe5 Bf6 19.Be4 Kb8 20.Rd5 Qe7 21.dxc5 Rxd5
22.Bxd5 Qxc5 23.Bxb7 Qxc2 24.Bxa6 Qxb2 25.Rd1 Rd8 26.Bd3 Rc8 27.g3 Ka7 28.Kg2 Rc7
29.Rb1 Qd4 30.Rb5 Qxa4 31.Qd5 Bc3 32.Be4  1-0

[Event "1st GM"]
[Site "Kish IRI"]
[Date "2003.12.18"]
[Round "8"]
[White "Mahjoob,M"]
[Black "Kupreichik,V"]
[Result "0-1"]
[WhiteElo "2408"]
[BlackElo "2496"]

1.e4 c5 2.Nc3 Nc6 3.Bb5 g6 4.f4 Bg7 5.Nf3 Nd4 6.Bc4 e6 7.O-O Ne7 8.Nxd4 cxd4
9.Ne2 d5 10.Bb5+ Nc6 11.d3 O-O 12.Kh1 Bd7 13.Ba4 Rc8 14.Bd2 dxe4 15.dxe4 Nb8
16.Bxd7 Qxd7 17.e5 Rfd8 18.Ng3 Qb5 19.b3 Qc6 20.Rc1 Bf8 21.a4 Ba3 22.Qe1 Bxc1
23.Bxc1 Qxc2 24.Ne4 d3 25.Bd2 Nd7 26.Qe3 Qxb3 27.Qh3 Qxa4  0-1

[Event "Christmas Open"]
[Site "Zadar CRO"]
[Date "2003.12.18"]
[Round "6"]
[White "Biti,O"]
[Black "Jurkovic,H"]
[Result "1/2-1/2"]
[WhiteElo "2346"]
[BlackElo "2422"]

1.e4 c5 2.Nc3 Nc6 3.Bb5 d6 4.Bxc6+ bxc6 5.d3 g6 6.f4 Bg7 7.Nf3 Nh6 8.O-O O-O
9.Qe2 f5 10.e5 Nf7 11.Re1 Rb8 12.b3 Qc7 13.Bb2 Nd8 14.exd6 exd6 15.Qe7 Rb7
16.Qxc7 Rxc7 17.Na4 Ne6 18.Bxg7 Rxg7 19.g3 h6 20.Nb2 g5 21.Nc4 gxf4 22.Nxd6 Bd7
23.Re5 fxg3 24.Nxf5 gxh2+ 25.Kh1 Rh7 26.Nxh2 Kh8 27.Rg1 Ng5 28.Nh4 Rg7 29.Rf1 Rxf1+
30.Nxf1 Bg4 31.Ne3 Bf3+ 32.Kh2 Rf7 33.Kg3 Bh5 34.Nef5 Kh7 35.Rxc5 Rf6 36.Re5 Ne6
37.Ra5 Rf7 38.Re5 Rf6 39.Nd6 Bg6 40.Ne4 Bxe4 41.Rxe4 h5 42.Re5 Kh6 43.Nf5+ Kh7
44.Ne7 Nf4 45.Rf5 Rxf5 46.Nxf5 Nd5 47.a3 Kg6 48.Nd4 Ne7 49.Kf4 Kf6 50.Nf3 Ng6+
51.Kg3 Ke6 52.c4 Ne5 53.Nd4+ Kd7 54.Kh4 c5 55.Ne2 Nxd3 56.Kxh5 Kd6 57.Kg4 Ke5
58.Kf3 Ne1+  1/2-1/2

[Event "CGT Magistral"]
[Site "Buenos Aires ARG"]
[Date "2003.12.19"]
[Round "9"]
[White "Fiorito,F"]
[Black "Crosa,M"]
[Result "1/2-1/2"]
[WhiteElo "2420"]
[BlackElo "2403"]

1.e4 c5 2.Nc3 Nc6 3.Bb5 g6 4.Bxc6 bxc6 5.d3 Bg7 6.f4 Qa5 7.Nf3 c4 8.d4 d5
9.Ne5 dxe4 10.O-O Nf6 11.Nxc4 Qb4 12.Ne5 c5 13.d5 Bb7 14.Be3 O-O 15.a3 Qa5
16.Qe1 Rac8 17.Rd1 Rfd8 18.f5 Qc7 19.Bf4 Qb6 20.fxg6 hxg6 21.Nxe4 Rxd5 22.Nxf6+ exf6
23.Nc4 Qc6 24.Qf2 Ba8 25.Be3 f5 26.b3 Rcd8 27.Rxd5 Rxd5 28.h3 Bd4 29.Bxd4 Rxd4
30.Re1 Qf6 31.c3 Rd5 32.Qe3 Bb7 33.Na5 Ba6 34.Qe8+ Kg7 35.Qe3 Bd3 36.c4 Rd4
37.Qe5 Be4 38.Qxf6+ Kxf6 39.Re2 Kg7 40.Kf2 Kf6 41.b4 Rd3 42.Ra2 cxb4 43.axb4 f4
44.Re2 Kf5 45.c5 Rg3 46.Kg1 f3 47.Rf2 Ke6 48.b5 fxg2 49.Re2 f5 50.b6 axb6
51.cxb6 Rxh3 52.Rxe4+ fxe4 53.b7 Rh8 54.Nc6 Kd5 55.b8=Q Rxb8 56.Nxb8 e3 57.Kxg2 Ke4
58.Nd7 g5 59.Nc5+ Kd5 60.Kf3  1/2-1/2

[Event "ch-IND National A"]
[Site "Calicut IND"]
[Date "2003.12.20"]
[Round "23"]
[White "Bakre,T"]
[Black "Venkatesh,M"]
[Result "1/2-1/2"]
[WhiteElo "2443"]
[BlackElo "2401"]

1.e4 c5 2.Nf3 Nc6 3.Nc3 Nf6 4.Bb5 Qc7 5.O-O Nd4 6.Bc4 e6 7.d3 a6 8.a4 b6
9.Nxd4 cxd4 10.Ne2 Nxe4 11.Nxd4 Bb7 12.Qe2 Nf6 13.Bb3 Bd6 14.h3 O-O 15.Nf3 Nd5
16.d4  1/2-1/2

[Event "ch-Arab m"]
[Site "Cairo EGY"]
[Date "2003.12.21"]
[Round "2"]
[White "Hakki,I"]
[Black "Khader,S"]
[Result "1-0"]
[WhiteElo "2454"]
[BlackElo "2425"]

1.e4 c5 2.Nf3 Nc6 3.Nc3 Nf6 4.d4 cxd4 5.Nxd4 e5 6.Ndb5 d6 7.Bg5 a6 8.Na3 b5
9.Bxf6 gxf6 10.Nd5 Bg7 11.Bd3 Ne7 12.Nxe7 Qxe7 13.O-O O-O 14.c4 Rb8 15.cxb5 f5
16.Qe2 d5 17.exd5 e4 18.Bc4 f4 19.Rfe1 Bf5 20.Rad1 Qg5 21.Kh1 Rbe8 22.d6 Bg4
23.Qc2 Bxd1 24.Rxd1 axb5 25.Nxb5 f3 26.Rg1 Qh6 27.gxf3 exf3 28.Qf5 Kh8 29.Qxf3 Be5
30.h3 Bxd6 31.Nxd6 Qxd6 32.Bxf7 Re7 33.Bb3 Rg7 34.Qc3 Qf6 35.Qxf6 Rxf6 36.Re1 Rf8
37.Re2 h6 38.Kh2 Rg5 39.Be6 Rf4 40.b3 Kg7 41.Bc4 Kf6 42.a4 Re5 43.Ra2  1-0

[Event "Harmonie"]
[Site "Groningen NED"]
[Date "2003.12.21"]
[Round "1"]
[White "Smeets,J"]
[Black "Nijboer,F"]
[Result "1/2-1/2"]
[WhiteElo "2511"]
[BlackElo "2577"]

1.e4 c5 2.Nf3 Nc6 3.Nc3 d6 4.d4 cxd4 5.Nxd4 Nf6 6.Bg5 e6 7.Qd2 Be7 8.O-O-O O-O
9.f4 Nxd4 10.Qxd4 Qa5 11.Bc4 Bd7 12.e5 dxe5 13.fxe5 Bc6 14.Bd2 Nd7 15.Nd5 Qd8
16.Nxe7+ Qxe7 17.Rhe1 Rfd8 18.Qg4 Nf8 19.Bd3 Rd5 20.Bb4 Qd8 21.Bd6 Ng6 22.Qg3 Qh4
23.Qxh4 Nxh4 24.g3 Nf3 25.Re2 f5 26.exf6 Rxd6 27.Bxh7+ Kxh7 28.Rxd6 e5 29.Re3 e4
30.Rxc6 bxc6 31.Rxe4 g5 32.h4 Kg6 33.hxg5 Nxg5 34.Re7 Rc8 35.Rxa7 Kxf6 36.b4 Ne4
37.Kb2 Nxg3 38.a4 Ne4 39.Kb3 Ke6 40.a5 Rh8 41.a6 Rh3+ 42.Kb2 Nd6 43.c3 Nb5
44.Rb7 Rh8 45.Kb3 Ra8 46.c4 Nd6 47.Rb6 Kd7 48.b5 cxb5 49.cxb5 Nxb5  1/2-1/2

[Event "1st GM"]
[Site "Kish IRI"]
[Date "2003.12.21"]
[Round "11"]
[White "Kupreichik,V"]
[Black "Mallahi,A"]
[Result "1-0"]
[WhiteElo "2496"]
[BlackElo "2382"]

1.e4 c5 2.Nc3 Nc6 3.Nf3 d6 4.d4 cxd4 5.Nxd4 Nf6 6.Bg5 Bd7 7.Be2 Qa5 8.Bxf6 gxf6
9.Nb3 Qg5 10.g3 f5 11.f4 Qg6 12.Bh5 Qe6 13.Nd4 Nxd4 14.Qxd4 Rg8 15.Nd5 Rc8
16.O-O-O Bg7 17.Qxa7 Qxe4 18.c3 Ba4 19.b3 Bc6 20.Rhe1 Bxd5 21.Rxe4 Bxe4 22.c4 Kd7
23.Bxf7 Ra8 24.Qf2 Rgc8 25.Bd5 Ra5 26.Bxe4 fxe4 27.a4 b5 28.Qb6 Bc3 29.Rd5 Rc6
30.Qe3 bxc4 31.Rxa5 Bxa5 32.Qxe4 cxb3+ 33.Kb2 Bd8 34.Qxh7 Rb6 35.Qf5+ e6
36.Qf7+ Be7 37.f5 exf5 38.Qxf5+ Kc6 39.Qe6 Bd8 40.a5 Rb4 41.a6 Bb6 42.Qe7  1-0

[Event "TCh-BEL 2003-4"]
[Site "Belgium BEL"]
[Date "2003.12.23"]
[Round "5"]
[White "Knoppert,E"]
[Black "Golubev,M"]
[Result "1/2-1/2"]
[WhiteElo "2340"]
[BlackElo "2536"]

1.e4 c5 2.Ne2 Nc6 3.Nbc3 g6 4.d4 cxd4 5.Nxd4 Bg7 6.Be3 Nf6 7.Nxc6 bxc6 8.e5 Nd5
9.Nxd5 cxd5 10.Qxd5 Rb8 11.Bxa7 Rxb2 12.Bd4 Rb8 13.Bc4 O-O 14.O-O Bb7 15.Qc5 d6
16.exd6 exd6 17.Qa7 Bxg2 18.Kxg2 Ra8 19.Qb6 Qd7 20.Bxg7 Qg4+  1/2-1/2

[Event "TCh-BEL 2003-4"]
[Site "Belgium BEL"]
[Date "2003.12.23"]
[Round "5"]
[White "Tiviakov,S"]
[Black "Schebler,G"]
[Result "1-0"]
[WhiteElo "2601"]
[BlackElo "2478"]

1.e4 c5 2.Nc3 Nc6 3.Bb5 Qc7 4.Nf3 Nf6 5.O-O Nd4 6.Bc4 e6 7.h3 a6 8.a4 h5
9.d3 Nxf3+ 10.Qxf3 Bd6 11.Re1 Bh2+ 12.Kh1 Be5 13.a5 Ng4 14.Kg1 Bh2+ 15.Kf1 Ne5
16.Qe3 Nxc4 17.dxc4 Be5 18.Bd2 d6 19.Na4 Bd7 20.Nb6 Rd8 21.Bc3 Bxc3 22.Qxc3 f6
23.Rad1 Bc6 24.Qe3 Qf7 25.Rd2 Qg6 26.f3 Qg3 27.c3 g5 28.Qf2 Qh2 29.Qg1 Qf4
30.Qe3 Qg3 31.Rf2 Kf7 32.Ke2 f5 33.Kd1 Rhe8 34.Qd2 Kg6 35.exf5+ Kxf5 36.Rfe2 Qf4
37.Qd3+ Kf6 38.Qh7 Qf5 39.Qh6+ Kf7 40.Qxh5+ Kg7 41.Qg4 Qb1+ 42.Kd2 Qxb2+
43.Kd3 Qb3 44.Qxg5+ Kf7 45.Qf4+ Kg7 46.Qg4+ Kf7  1-0

[Event "Open"]
[Site "Pamplona ESP"]
[Date "2003.12.24"]
[Round "5"]
[White "Gomez Anadon,D"]
[Black "Pogorelov,R"]
[Result "1/2-1/2"]
[WhiteElo "2229"]
[BlackElo "2475"]

1.e4 c5 2.Nf3 Nc6 3.Nc3 g6 4.d4 cxd4 5.Nxd4 Bg7 6.Be3 Nf6 7.Bc4 O-O 8.Bb3 a6
9.f3 Qc7 10.Qd2 b5 11.O-O-O Bb7 12.h4 Rac8 13.Kb1 Na5 14.h5 Nxb3 15.axb3 b4
16.Na4 e5 17.Ne2 d5 18.hxg6 fxg6 19.Bc5 Rfe8 20.exd5 Nxd5 21.Ng3 Red8 22.Qf2 Bc6
23.Ne4 Rb8 24.Ng5 Bxa4 25.bxa4 Qc6 26.Ne4 Nc3+ 27.Nxc3 bxc3 28.Rxd8+ Rxd8
29.b3 Rd2 30.Qe3 Rxg2 31.Qxc3 h5 32.Rd1 e4 33.Qc4+ Kh7 34.fxe4 Rg4 35.Qd5 Qe8
36.Re1 Qe5 37.Qxe5 Bxe5 38.b4 h4 39.b5 axb5 40.a5 h3 41.a6 h2 42.Ka2 Rh4
43.Rh1 Rxe4 44.a7 Ra4+ 45.Kb3 g5 46.c4 g4 47.cxb5 Ra5 48.b6 g3 49.b7 Rxa7
50.Bxa7 g2 51.Rxh2+ Bxh2 52.Bg1 Bb8 53.Kc4  1/2-1/2

[Event "North American Open"]
[Site "Las Vegas USA"]
[Date "2003.12.26"]
[Round "1"]
[White "Matikozian,A"]
[Black "Morkunaite,E"]
[Result "1-0"]
[WhiteElo "2450"]
[BlackElo "2156"]

1.e4 c5 2.Nc3 Nc6 3.Nf3 Nd4 4.Bc4 d6 5.Nxd4 cxd4 6.Ne2 Nf6 7.Nxd4 e5 8.Nf3 Nxe4
9.d4 Qa5+ 10.c3 Be7 11.Qe2 Bf5 12.Bb5+ Kf8 13.O-O Bf6 14.Rd1 a6 15.dxe5 Bxe5
16.Nxe5 Qxb5 17.Qxb5 axb5 18.Nf3 Be6 19.a3 Ke7 20.Nd4 Nc5 21.Bf4 d5 22.Nxb5 Nb3
23.Rab1 Kf6 24.Re1 Bf5 25.Rbd1 Rhd8 26.Nd6 d4 27.Be5+ Kg6 28.Nxf5 Kxf5 29.Bxd4 Nxd4
30.cxd4 Rd7 31.Re5+ Kf6 32.f4 Rad8 33.Rb5 Rc8 34.Rd2 Rc6 35.Kf2 Ke7 36.h3 Kd6
37.Kf3 Kc7 38.d5 Rcd6 39.Rc5+ Kb6 40.b4 Re7 41.a4 h5 42.Re2 Red7 43.Re5 g6
44.Ke4 Ka6 45.Rc8 b6 46.Rc6 Rd8  1-0

[Event "North American Open"]
[Site "Las Vegas USA"]
[Date "2003.12.26"]
[Round "1"]
[White "Small,G"]
[Black "Becerra Rivero,J"]
[Result "0-1"]
[WhiteElo "2245"]
[BlackElo "2558"]

1.e4 c5 2.Nc3 Nc6 3.Nf3 d6 4.d4 cxd4 5.Nxd4 Nf6 6.Bg5 e6 7.Qd2 a6 8.O-O-O Bd7
9.Nb3 b5 10.f3 Rb8 11.Kb1 Qc7 12.h4 h6 13.Bf4 b4 14.Ne2 e5 15.Be3 Be6 16.g4 d5
17.exd5 Nxd5 18.Ng3 a5 19.Ne4 Nxe3 20.Qxe3 a4 21.Nc1 Be7 22.Bd3 Qb6 23.Qxb6 Rxb6
24.h5 Nd4 25.Rhf1 O-O 26.Ng3 Bg5 27.Nce2 b3 28.Nxd4 bxa2+ 29.Ka1 exd4 30.Bf5 Rfb8
31.Bxe6 fxe6 32.Rxd4 Rxb2 33.Rdd1 Bf6  0-1

[Event "Christmas Open"]
[Site "Zurich SUI"]
[Date "2003.12.26"]
[Round "1"]
[White "Galdunts,S"]
[Black "Nabavi,P"]
[Result "1-0"]
[WhiteElo "2496"]
[BlackElo "2109"]

1.e4 c5 2.Nc3 Nc6 3.Nge2 d6 4.d4 cxd4 5.Nxd4 Nf6 6.Bc4 Qb6 7.Nb3 e6 8.O-O Be7
9.Bg5 Ne5 10.Be2 a6 11.Kh1 O-O 12.f4 Nc6 13.Bxf6 Bxf6 14.Qxd6 Rd8 15.Qc5 Qxc5
16.Nxc5 Nb4 17.Rad1 Nxc2 18.e5 Be7 19.Rxd8+ Bxd8 20.Rd1 Bc7 21.Bf3 Ra7 22.N5e4 Ne3
23.Rc1 b6 24.Nd6 Bxd6 25.exd6 Bd7 26.Na4 b5 27.Nc5 g6 28.Nb7 Kf8 29.Rc7 Ke8
30.Bc6 Bxc6 31.Rc8+  1-0

[Event "24th Open"]
[Site "Bethune FRA"]
[Date "2003.12.27"]
[Round "2"]
[White "Kieffer,C"]
[Black "Fournier,S"]
[Result "1/2-1/2"]
[WhiteElo "2157"]
[BlackElo "1986"]

1.e4 c5 2.Nf3 Nc6 3.Nc3 g6 4.Bc4 Bg7 5.O-O d6 6.Re1 Nf6 7.d4 cxd4 8.Nxd4 O-O
9.Nxc6 bxc6 10.Bg5 Qb6 11.Bb3 h6 12.Be3 Qc7 13.h3 Bb7 14.Qd2 Kh7 15.Bf4 Nd7
16.Na4 Nb6 17.c4 Nxa4 18.Bxa4 c5 19.Rac1 Bc6 20.Bxc6 Qxc6 21.e5 dxe5 22.Bxe5 Rad8
23.Qa5 Rd7 24.Bxg7 Kxg7 25.Rcd1 Rc7 26.Rd5 e6 27.Rd3 Qb6 28.Qc3+ Kh7 29.Qf6 Qa5
30.Rxe6 Qxa2 31.Rd8 Rxd8 32.Qxd8 Rb7 33.Re7 Rxe7 34.Qxe7 Qxc4 35.Qxa7 Kg7
36.Qa3 Qc1+  1/2-1/2

[Event "24th Open"]
[Site "Bethune FRA"]
[Date "2003.12.27"]
[Round "3"]
[White "Golubev,M"]
[Black "Abeln,M"]
[Result "1-0"]
[WhiteElo "2536"]
[BlackElo "2288"]

1.e4 c5 2.Nf3 Nc6 3.Nc3 d6 4.d4 cxd4 5.Nxd4 Nf6 6.Bc4 e6 7.Be3 a6 8.Bb3 Bd7
9.f4 Qc7 10.O-O Na5 11.Qf3 Nxb3 12.cxb3 Bc6 13.Rac1 Rc8 14.Nxc6 bxc6 15.Bd4 Nd7
16.e5 d5 17.f5 Bc5 18.Bxc5 Nxc5 19.b4 Nb7 20.Qg4 Qxe5 21.fxe6 f5 22.Qxf5 Qxf5
23.Rxf5 Nd6 24.Rf3 Rb8 25.Na4 Rxb4 26.Rxc6 Rxa4 27.Rxd6 Ke7 28.Rc6  1-0

[Event "2nd Open"]
[Site "Nantes FRA"]
[Date "2003.12.27"]
[Round "2"]
[White "Edouard,R"]
[Black "Berthelot,Y"]
[Result "0-1"]
[WhiteElo "2062"]
[BlackElo "2331"]

1.e4 c5 2.Nc3 Nc6 3.Nf3 d6 4.d4 cxd4 5.Nxd4 Nf6 6.Be2 Nxd4 7.Qxd4 g6 8.Be3 Bg7
9.O-O O-O 10.Qd2 Be6 11.f3 Qa5 12.Rad1 Rfc8 13.Bd4 Nd7 14.f4 Bxd4+ 15.Qxd4 Qb6
16.Kh1 Qxd4 17.Rxd4 Rc5 18.Rfd1 f6 19.Bb5 Nb6 20.a4 a5 21.Re1 Bc4 22.Bxc4+ Nxc4
23.Nd5 Kf7 24.Rxc4 Rxc4 25.Nb6 Rxc2 26.Nxa8 Rxb2 27.Kg1 Rb4 28.e5 dxe5 29.fxe5 Rxa4
30.exf6 exf6 31.Rb1 Rb4 32.Rxb4 axb4 33.Nb6 Ke6 34.Kf2 b3 35.Na4 Kd5 36.Ke3 Kc4
37.Kd2 f5 38.Nb2+ Kd4 39.Nd3 g5 40.g3 b6 41.h4 gxh4 42.gxh4 Ke4 43.Ke2 h5
44.Nb2 Kf4 45.Nd1 Kg3 46.Ke3 b2  0-1

[Event "1st Bautista Boschi Masters"]
[Site "Cipolleti ARG"]
[Date "2003.12.28"]
[Round "6"]
[White "Leskovar,Mar"]
[Black "Rodriguez,And URU"]
[Result "0-1"]
[WhiteElo "2369"]
[BlackElo "2498"]

1.e4 c5 2.Nc3 Nc6 3.Bb5 Nd4 4.Bc4 e6 5.Nf3 a6 6.Nxd4 cxd4 7.Ne2 Nf6 8.d3 Bc5
9.Bb3 d5 10.exd5 Nxd5 11.O-O b6 12.Ng3 Bb7 13.Qg4 O-O 14.Nh5 g6 15.Bg5 f5
16.Qh4 Qd7 17.Nf6+ Nxf6 18.Bxf6 Rae8 19.Be5 a5 20.a4 Be7 21.Qh6 Rf7 22.Rfe1 Bd5
23.Bxd5 Qxd5 24.Re2 Bf8 25.Qf4 Rd7 26.h4 h6 27.Rae1 Kh7 28.Rd1 Qc6 29.Bxd4 Qxa4
30.Be5 Qxf4 31.Bxf4 Kg7 32.Be5+ Kf7 33.Ra1 Rc8 34.Kf1 Rd5 35.d4 Rc6 36.c3 Rc4
37.Bf4 Rb5 38.Ke1 a4 39.Rc2 Bg7 40.Kd2 Rd5 41.Re1 Bxd4  0-1

[Event "Open"]
[Site "Lilie Litomysl CZE"]
[Date "2003.12.31"]
[Round "8"]
[White "Kulhanek,T"]
[Black "Cernousek,L"]
[Result "1-0"]
[WhiteElo "2362"]
[BlackElo "2302"]

1.e4 c5 2.Nc3 Nc6 3.Bb5 g6 4.Bxc6 bxc6 5.d3 Rb8 6.f4 Bg7 7.Nf3 d5 8.e5 Ba6
9.O-O c4 10.d4 Bc8 11.b3 cxb3 12.axb3 Qc7 13.Nh4 f5 14.Ba3 Ba6 15.Re1 Bb5
16.Bc5 a5 17.Bd6  1-0

[Event "Hilton Chess Festival"]
[Site "Basel SUI"]
[Date "2004.01.01"]
[Round "1"]
[White "Elfert,A"]
[Black "Nedev,T"]
[Result "0-1"]
[WhiteElo "2116"]
[BlackElo "2489"]

1.e4 c5 2.Nc3 Nc6 3.Nge2 Nf6 4.g3 g6 5.Bg2 Bg7 6.O-O O-O 7.d3 d6 8.Bg5 h6
9.Be3 Ng4 10.h3 Nxe3 11.fxe3 e6 12.Qd2 b5 13.e5 d5 14.d4 cxd4 15.exd4 Ba6
16.Rf2 Rc8 17.Raf1 b4 18.Na4 Qa5 19.b3 Bb5 20.Nf4 Bxa4 21.bxa4 Qb6 22.Ne2 Na5
23.Kh2 Rc4 24.Rf4 Qc7 25.R1f2 Qc6 26.h4 Qxa4 27.Nc1 Rc3 28.Bf1 Nc4 29.Bxc4 Rxc4
30.Nb3 Rc7 31.Nc5 Qb5 32.Qe3 Rfc8 33.Qf3 Qe8 34.Kh3 a5 35.h5 g5 36.Rf6 Qe7
37.Qd3 Qe8 38.Qf3 Re7 39.Qd3 Ra8 40.g4 Rc7 41.Qf1 Rac8 42.R6f3 Ra7 43.Rf6 Rcc7
44.Kg2 Rc8 45.Qd3 Rcc7 46.Qf1 Rc8 47.Qd3 Rb8 48.Qf3 Bxf6 49.Qxf6 Qf8 50.Nxe6 fxe6
51.Qg6+ Qg7 52.Qxe6+ Kh7 53.Rf6 Re7 54.Qf5+ Kh8 55.e6 Rc8 56.Kh1 a4 57.Rg6 Qxd4
58.Rxh6+ Kg8 59.Rg6+ Rg7 60.Qf7+ Kh7 61.Rxg7+ Qxg7 62.Qf5+ Kh8 63.h6 Qxh6+
64.Kg2 Re8 65.Qe5+ Qg7 66.Qxd5 Qf6  0-1

[Event "Hilton Chess Festival"]
[Site "Basel SUI"]
[Date "2004.01.02"]
[Round "4"]
[White "Hell,P"]
[Black "Goldstern,F"]
[Result "0-1"]
[WhiteElo "2144"]
[BlackElo "2360"]

1.e4 c5 2.Nc3 Nc6 3.Nf3 Nf6 4.d4 cxd4 5.Nxd4 d6 6.Be2 e6 7.O-O Be7 8.Kh1 O-O
9.Be3 a6 10.f4 Qc7 11.g4 Re8 12.g5 Nd7 13.Qe1 Nxd4 14.Bxd4 b5 15.Bd3 Bb7
16.Rf3 b4 17.Rh3 bxc3 18.Rxh7 Kxh7 19.Qh4+ Kg8 20.Bxg7 Kxg7 21.Qh6+ Kg8 22.g6 Nf8
23.gxf7+ Kxf7 24.Qh5+ Ng6 25.f5 exf5 26.Rf1 Rg8 27.Qxf5+ Ke8 28.Qf7+ Kd7
29.Qf5+ Kc6 30.b4 Ne5 31.Qe6 Kb6  0-1

[Event "Hilton Chess Festival"]
[Site "Basel SUI"]
[Date "2004.01.03"]
[Round "6"]
[White "Mitkov,N"]
[Black "Balogh,C"]
[Result "1/2-1/2"]
[WhiteElo "2520"]
[BlackElo "2456"]

1.e4 c5 2.Nc3 Nc6 3.Nf3 d6 4.d4 cxd4 5.Nxd4 Nf6 6.Bc4 e6 7.Be3 Be7 8.O-O O-O
9.Bb3 Bd7 10.f4 Nxd4 11.Qxd4 Ng4 12.Rad1 Qc7 13.Kh1 Nxe3 14.Qxe3 b5  1/2-1/2

[Event "10th Open"]
[Site "Bosnjaci CRO"]
[Date "2004.01.03"]
[Round "1"]
[White "Zivkovic,Vj"]
[Black "Sargac,D"]
[Result "1/2-1/2"]
[WhiteElo "2398"]
[BlackElo "2201"]

1.e4 c5 2.Nf3 Nc6 3.Nc3 Nf6 4.Bb5 Nd4 5.e5 Nxb5 6.Nxb5 Nd5 7.Ng5 f5 8.c4 Nc7
9.Nxc7+ Qxc7 10.d4 e6 11.O-O cxd4 12.Qxd4 Be7 13.Nf3 h6 14.Re1 b6 15.b3 Bb7
16.a4 g5 17.Ba3 Bxa3 18.Rxa3 Bxf3 19.gxf3 Qc5 20.Qb2 Rc8 21.Raa1 a5 22.Rad1 Rc6
23.Rd3 Rh7 24.Red1 Rg7 25.Qe2 Kd8 26.Qd2 Rc7 27.Rd6 Kc8 28.Qe2 Kb7 29.R1d3 Ka7
30.Kf1 Kb7 31.Qe3 Qxe3 32.fxe3 Ka7 33.Kf2 Kb7 34.f4 Ka7 35.Kf3 Kb7 36.Rd2 Ka7
37.Rg2 Rc6 38.Rxc6 dxc6 39.Rd2 Kb7 40.Rd6 Re7 41.h3 Kc7 42.e4 fxe4+ 43.Kxe4 gxf4
44.Kxf4 Rf7+ 45.Kg4 Rg7+ 46.Kf4 Rf7+ 47.Ke4 Re7 48.Ke3 Re8 49.Rd4 Rg8 50.Rg4 Rxg4
51.hxg4 Kd7 52.Kf4 Ke7 53.g5 Kf7 54.gxh6 Kg6 55.h7 Kxh7 56.Kg5 Kg7 57.Kh5 Kh7  1/2-1/2

[Event "Hilton Chess Festival"]
[Site "Basel SUI"]
[Date "2004.01.04"]
[Round "7"]
[White "Elfert,A"]
[Black "Siegel,G"]
[Result "1/2-1/2"]
[WhiteElo "2116"]
[BlackElo "2415"]

1.e4 c5 2.Nc3 Nc6 3.Nge2 d6 4.g3 g6 5.Bg2 Bg7 6.O-O Nf6 7.d3 O-O 8.f4 Rb8
9.a4 a6 10.h3 Nd7 11.Be3 Nd4 12.Rb1 b5 13.axb5 axb5 14.Qd2 b4 15.Nd1 Bb7
16.c3 Nxe2+ 17.Qxe2 bxc3 18.bxc3 Qa5 19.Bd2 Bc6 20.Rxb8 Rxb8 21.Kh2 Qa2 22.Rf2 Qa1
23.h4 Rb1 24.Rf1 Ba4 25.Ne3 Rxf1 26.Bxf1 Bc6 27.Nc4 Nf8 28.f5 Nd7 29.fxg6 hxg6
30.h5 Ne5 31.hxg6 fxg6 32.Kg2 Qb1  1/2-1/2

[Event "33rd Rilton Cup"]
[Site "Stockholm SWE"]
[Date "2004.01.05"]
[Round "9"]
[White "Hermansson,E"]
[Black "Ivanov,Se1"]
[Result "0-1"]
[WhiteElo "2422"]
[BlackElo "2556"]

1.e4 c5 2.Nf3 Nc6 3.Nc3 e5 4.Bc4 Be7 5.d3 Nf6 6.Nd2 d6 7.Nf1 Bg4 8.f3 Be6
9.Ne3 O-O 10.O-O Rb8 11.a3 Nd4 12.Ba2 b5 13.g3 b4 14.axb4 cxb4 15.Ncd5 b3
16.Bxb3 Nxb3 17.cxb3 Nxd5 18.exd5 Bh3 19.Rf2 Qb6 20.Nc4 Qxb3 21.Be3 Qxd1+
22.Rxd1 Rb5 23.Bxa7 Rxd5 24.b4 Rc8 25.Rfd2 Rb5 26.Rb2 f6 27.Ne3 Ra8 28.Ra1 Rb7
29.Rba2 Be6 30.Ra4 Bb3 31.R4a3 Rxb4 32.Rb1 Rb7 33.Raxb3 Rxb3 34.Rxb3 Rxa7
35.Nf5 Bf8 36.Rb6 Ra3 37.Kf2 Rxd3 38.Ke2 Ra3 39.Nxd6 Ra2+ 40.Ke3 Bxd6 41.Rxd6 Rxh2
42.f4 Rh3 43.Kf3 exf4 44.Kxf4 Rh5 45.Rd4 Kf7 46.Ra4 Kg6 47.Kg4 Rb5 48.Kh4 h5
49.Rc4 Rb2 50.Kh3 Rf2 51.Rc5 Kh6  0-1

[Event "TCh-CZE Extraliga 2003-4"]
[Site "Czech Rep CZE"]
[Date "2004.01.10"]
[Round "5"]
[White "Movsesian,S"]
[Black "Nun,Ji"]
[Result "1-0"]
[WhiteElo "2639"]
[BlackElo "2355"]

1.e4 c5 2.Nf3 Nc6 3.Nc3 e5 4.Bc4 d6 5.d3 Be7 6.Nd2 Nf6 7.Nf1 Bg4 8.f3 Be6
9.Ne3 O-O 10.O-O Ne8 11.g3 Nc7 12.Ncd5 Na5 13.Nxc7 Qxc7 14.Bd5 Rae8 15.f4 exf4
16.gxf4 Bf6 17.f5 Bxd5 18.Nxd5 Qd8 19.Kh1 Nc6 20.Bd2 Be5 21.f6 Re6 22.Bg5 Bxf6
23.Nxf6+ gxf6 24.Bh6 Kh8 25.Bxf8 Qxf8 26.Qh5 Ne5 27.Rf5 Ng6 28.Raf1 Qd8 29.Qh6 c4
30.h4 cxd3 31.cxd3 Re8 32.h5 Ne5 33.Rg1 Rg8 34.Qxf6+ Qxf6 35.Rxf6 Nxd3 36.Rxf7  1-0